000 00318nam a2200145Ia 4500
100 _aTheraja/B.L.
650 _aPhysics
942 _cBK
654 _aPhysics
245 _aTextbook of Engineering Physics
260 _bS.Chand and Co.
_aNew Delhi
_c1984
082 _a530
_bTHE
300 _a776
546 _aENGLISH
999 _c29835
_d29835